000 00760nam a2200265 a 4500
001 9203
003 BD-RjUL
005 20211208234733.0
008 140120s1963 nyu 001 0 eng d
035 _a(BD-RjUL)9248
040 _aBD-RjUL
_beng
_cBD-RjUL
041 _aeng
082 0 0 _bSHN 1963
_219
_a539.721
100 1 _aShalit, Amos de-,
_d1926-1969.
_928544
245 1 0 _aNuclear shell theory /
_cby Amos de-Shalit and Igal Talmi
260 _aNew York :
_bAcademic Press,
_c1963.
300 _ax, 573 p. ;
_c24 cm.
504 _aIncludes index.
650 0 _aNuclear shell theory
_928545
830 0 _vvol.14
_928562
700 1 _aTalmi, Igal,
_d1925-
_928547
830 0 _aPure and applied physics ;
_9194
942 _2ddc
_cBK
999 _c9203
_d9203